000 00593nam a2200193Ia 4500
008 151119s9999||||xx |||||||||||||| ||und||
082 _a780.954
082 _bGKKV28718
100 _aशास्त्री वासुदेव
245 _aसंगीत शास्त्र
260 _a--
260 _b--
260 _c1968
600 _aशास्त्री वासुदेव
630 _aसंगीत शास्त्र
700 _aशास्त्री वासुदेव
730 _aसंगीत शास्त्र
942 _cBOOK
999 _c1081099
_d1081096